Missing Word: Whitney Houston (A-Z) Quiz Stats

 Plays Quiz Updated Jul 13, 2017

Support Sporcle.
Go Orange.
Score 0/23 Timer 03:00
0 Plays Today
Song Answer % Correct
I Will _____ Love YouAlways
99.4%
I Wanna _____ with Somebody (Who Loves Me)Dance
95.2%
Didn't We Almost _____ It AllHave
93.3%
I'm _____ Baby TonightYour
90.7%
One Moment in _____Time
90.7%
Where Do _____ Hearts GoBroken
90.3%
You Give Good _____Love
89.4%
I'm Every _____Woman
87.2%
_____ Love of AllGreatest
86.8%
_____ All My Love for YouSaving
82.2%
How Will I _____Know
81.6%
_____ the Love of YouFor
81.3%
Song Answer % Correct
All at _____Once
78.7%
I Have _____Nothing
77.5%
Dear _____ LetterJohn
75.2%
_____ You Come BackUntil
73.3%
_____ of the NightQueen
72.3%
All the _____ That I NeedMan
69.4%
_____ to YouRun
50.9%
Love Is a _____ SportContact
49.6%
So _____Emotional
35.2%
Who Would _____ a KingImagine
15.8%
It's _____Possible
9.6%

Today's Daily Dose

Missing Word
AMC Shows

Word Ladder
Makeup

Get the Picture
Guitarists

You're not logged in!

Compare scores with friends on all Sporcle quizzes.
OR
Log In
Forgot?

From the Vault

NFL #1 Draft Picks (1990s)

by minshkins

Busts, Hall-of-Famers, and everything in between.
Remove Ads.
Support Sporcle.
Get the best of Sporcle when you Go Orange. This ad-free experience offers more features, more stats, and more fun while also helping to support Sporcle. Thank you for becoming a member.

Show Comments

Extras

Top Quizzes Today


Score Distribution

Your Account Isn't Verified!

In order to create a playlist on Sporcle, you need to verify the email address you used during registration. Go to your Sporcle Settings to finish the process.

Report this User

Report this user for behavior that violates our Community Guidelines.

Details: